000 00822cam a2200217 4500
001 WB3739-08
008 011018n2001 000 0 eng u
035 _a(Sirsi) u115188
245 _aArchitecture site to expand
260 _c2001
490 _aRevolution
_v 17 October 2001, 11(1)
520 _aPevsner Architectural Guides, part of Penguin, has launched a website, http://www.lookingatbuildings.org.uk. The site gives an insight into architectural features of London and Manchester and there are plans to widen the scope to other cities.
590 _aWB
650 _aHISTORIC BUILDINGS
650 _aARCHITECTURE
650 _aARCHITECTURAL GUIDES
650 _aLONDON
650 _aMANCHESTER
690 _aBUILT ENVIRONMENT-BUILDING MAINTENANCE AND REFURBISHMENT-BUILDING CONSERVATION
942 _n0
999 _c68608
_d68608